The history and antiquities of the counties of Westmorland and Cumberland (Record no. 113814)

MARC details
000 -LEADER
fixed length control field 00727cam a22001935a 4500
001 - CONTROL NUMBER
control field L155775
008 - FIXED-LENGTH DATA ELEMENTS--GENERAL INFORMATION
fixed length control field 120416s1777 xxk f 000 0 eng d
035 ## - SYSTEM CONTROL NUMBER
System control number (Sirsi) u155775
041 0# - LANGUAGE CODE
Language code of text/sound track or separate title eng
100 1# - MAIN ENTRY--PERSONAL NAME
Personal name Nicolson, Joseph
245 04 - TITLE STATEMENT
Title The history and antiquities of the counties of Westmorland and Cumberland
Remainder of title By Joseph Nicolson, Esq; and Richard Burn, LL.D. In two volumes. ...
260 ## - PUBLICATION, DISTRIBUTION, ETC.
Place of publication, distribution, etc. London
Name of publisher, distributor, etc. printed for W. Strahan; and T. Cadell, in the Strand
Date of publication, distribution, etc. MDCCLXXVII. [1777]
300 ## - PHYSICAL DESCRIPTION
Extent 2v., plates
Other physical details maps
Dimensions 4o
583 0# - ACTION NOTE
Action Condition reviewed
Time/date of action 20120620
Status condition level 1 and 3, loose board
651 #4 - SUBJECT ADDED ENTRY--GEOGRAPHIC NAME
Geographic name England
Chronological subdivision 886-
690 ## - LOCAL SUBJECT ADDED ENTRY--TOPICAL TERM (OCLC, RLIN)
Topical term or geographic name as entry element Conservation and restoration
700 1# - ADDED ENTRY--PERSONAL NAME
Personal name Burn, Richard
Dates associated with a name 1709-1785
942 ## - ADDED ENTRY ELEMENTS (KOHA)
Suppress in OPAC 0
Holdings
Withdrawn status Lost status Source of classification or shelving scheme Damaged status Not for loan Home library Current library Shelving location Date acquired Total Checkouts Full call number Barcode Date last seen Copy number Price effective from Koha item type
    Dewey Decimal Classification     Historic collection Historic collection Historic collection 16/04/2012   FOLIO 1777 NICOLSON VOL. 1 30077730 06/08/2019 1 06/08/2019 Book
    Dewey Decimal Classification     Historic collection Historic collection Historic collection 10/02/2013   FOLIO 1777 NICOLSON VOL. 2 30075945 06/08/2019 1 06/08/2019 Book